000 00560nam a2200157Ia 4500
008 151213s9999 xx 000 0 und d
020 _a984-07-4725-8
100 _aসৈয়দ মোহাম্মদ শাহেদ
245 _aলেখক অভিধান
_cসৈয়দ মোহাম্মদ শাহেদ
260 _aঢাকা
_bবাংলা একাডেমী
_c2008
300 _a7134 p.
650 _aDictionary
650 _aReference
700 _aসৈয়দ মোহাম্মদ শাহেদ
999 _c3777
_d3777